| 000 | 01447nam0a2200349 4500 | ||
|---|---|---|---|
| 001 | RU\NLR\bibl\1832849 | ||
| 005 | 20260405065625.0 | ||
| 010 |
_a978-5-89349-521-8 _bФлинта |
||
| 010 |
_a978-5-02-010232-3 _bНаука _9500 |
||
| 021 |
_aRU _b2011-82388 _95875 |
||
| 035 | _a(NLR Aleph) 001823344 | ||
| 090 |
_a2036782 _c2036782 |
||
| 100 | _a20111111d2012 |||y0rusy50 ca | ||
| 101 | 0 |
_arus _aeng |
|
| 102 | _aRU | ||
| 105 | _ay ||||||||| | ||
| 200 | 1 |
_aДеловое общение _dBusiness communication _eучебное пособие _e[для учащихся старших классов школ, студентов вузов] _fН.Л. Колесникова _zeng |
|
| 205 | _a8-е изд., доп. | ||
| 210 |
_aМосква _cФлинта _cНаука _d2012 |
||
| 215 |
_a151 с. _d21 |
||
| 320 | _aБиблиогр.: с. 148-149 | ||
| 510 | 1 |
_6z20790 _aBusiness communication _zeng |
|
| 606 | 1 |
_aАнглийский язык _jУчебные издания _xСтилистика деловой речи _92410680 _3RU\NLR\auth\661436345 |
|
| 686 | _aШ143.21-93рус-70 | ||
| 700 | 1 |
_4070 _8rus _7ca _aКолесникова _bН.Л. _gНаталия Львовна _3RU\NLR\auth\7723363 _96416 |
|
| 790 | 1 |
_4070 _8rus _7ba _aKolesnikova _bN.L. _gNatalija L'vovna _3RU\NLR\auth\7723369 _96422 |
|
| 801 | 0 |
_aRU _bNLR _c20111111 _gRCR |
|
| 801 | 1 |
_aRU _bNLR _c20111111 |
|
| 942 | _cBOOK | ||
| 980 | _aNB | ||
| 980 | _aNBR | ||